Nubië aan de Nijl : voorportaal van Afrika

محفوظ في:

المؤلف الرئيسي: J. Teske, Joyce Fleur, S. M. Voskuil-Groenewegen,.

مؤلفون آخرون: A. Westers, Brooklyn Museum, Haags Gemeentemuseum.

التنسيق: كتاب

اللغة: Undetermined

منشور في: Den Haag : Haags Gemeentemuseum, 1979.

الموضوعات:

الوسوم: إضافة وسم

لا توجد وسوم, كن أول من يضع وسما على هذه التسجيلة!

رقم الطلب: DT159.6 .N83 A345

LEADER 00946nam a2200205Ia 4500
008 240329s9999||||xx |||||||||||||| ||und||
050 4 |a DT159.6 .N83 A345 
100 1 |a J. Teske, Joyce Fleur, S. M. Voskuil-Groenewegen,. 
245 1 0 |a Nubië aan de Nijl : voorportaal van Afrika   |c J. Teske, Joyce Fleur, S. M. Voskuil-Groenewegen, 
264 1 |a Den Haag :  |b Haags Gemeentemuseum,  |c 1979. 
300 |a 64  |b color illustrations, color map ;  |c 30 cm 
500 |a Based on the catalog of an exhibition held at Brooklyn Museum and other museums, under the title: Africa in Antiquity, The Arts of Ancient Nubia and the Sudan  
500 |a Catalog of an exhibition held at Haags Gemeentemuseum, September 22-November 25, 1979  
650 |a  Africa Nubia  
650 |a Antiquities 
650 |a Archeologische vondsten 
650 |a Art Egypt Exhibitions 
700 1 |a A. Westers, Brooklyn Museum, Haags Gemeentemuseum. 
942 |2 lcc  |c BK 
999 |c 57771  |d 57771